| 000 | 00358nam a22001457a 4500 | ||
|---|---|---|---|
| 003 | MACL | ||
| 005 | 20180426161023.0 | ||
| 008 | 180426b xxu||||| |||| 00| 0 eng d | ||
| 040 | _cMACL | ||
| 100 |
_aSaumitra Mohan _972362 |
||
| 245 | _aIndian Policy and Development | ||
| 260 |
_aChennai _bMc Graw Hill _c2017 |
||
| 650 |
_aPoltics _972363 |
||
| 942 |
_2ddc _cBK |
||
| 999 |
_c57952 _d57952 |
||